[Event "Paignton Premier 46th"]
[Site "Paignton"]
[Date "1996.09.04"]
[Round "4.12"]
[White "Karayiannis, Costas"]
[Black "Gamble, Raymond J"]
[Result "1/2-1/2"]
[WhiteElo "2105"]
[BlackElo "1968"]
[PlyCount "64"]
[EventDate "1996.09.01"]
[EventType "swiss"]
[EventRounds "7"]
[EventCountry "ENG"]
[SourceTitle "BritBase"]
[Source "John Saunders"]
[SourceDate "2023.06.22"]
[SourceVersion "1"]
[SourceVersionDate "2023.06.22"]
[SourceQuality "1"]

1. d4 e6 2. g3 Nf6 3. Bg2 c5 4. Nf3 Nc6 5. O-O cxd4 6. Nxd4 d5 7. c4 Qb6 8.
Nxc6 bxc6 9. Qc2 Be7 10. Be3 Qa6 11. Nd2 O-O 12. h3 Bd7 13. a3 Rac8 14. Bd4 c5
15. Be5 dxc4 16. e4 Rfd8 17. Rfe1 Ba4 18. Qc1 Nd7 19. Bc3 Nb6 20. Nf3 Bb5 21.
Qf4 Na4 22. Rac1 Nxc3 23. Rxc3 f6 24. Bf1 Qa4 25. Qc1 Rb8 26. Be2 Rb7 27. e5
Ba6 28. Bxc4 Bxc4 29. Rxc4 Qb3 30. Kg2 Qxb2 31. Qxb2 Rxb2 32. exf6 Bxf6 1/2-1/2

[Event "Paignton Premier 46th"]
[Site "Paignton"]
[Date "1996.09.04"]
[Round "4.13"]
[White "Wismayer, Clive R"]
[Black "Lewis, David J"]
[Result "1-0"]
[WhiteElo "2075"]
[BlackElo "1784"]
[PlyCount "63"]
[EventDate "1996.09.01"]
[EventType "swiss"]
[EventRounds "7"]
[EventCountry "ENG"]
[SourceTitle "BritBase"]
[Source "John Saunders"]
[SourceDate "2023.06.22"]
[SourceVersion "1"]
[SourceVersionDate "2023.06.22"]
[SourceQuality "1"]

1. e4 c5 2. Nf3 e6 3. Nc3 a6 4. g3 Nc6 5. Bg2 Qc7 6. O-O Nf6 7. Re1 d6 8. d4
cxd4 9. Nxd4 Be7 10. a4 Nd7 11. Nb3 b6 12. f4 Bb7 13. Be3 Bf6 14. g4 h6 15. Qd2
Rd8 16. Bf2 g5 17. Nd5 exd5 18. exd5+ Ne7 19. Bd4 Bxd4+ 20. Qxd4 Rg8 21. Qe3
Nc5 22. Nd4 Kf8 23. c4 Bc8 24. b4 Nb7 25. Qh3 Kg7 26. fxg5 hxg5 27. Qc3 Kf8 28.
Qh3 Qxc4 29. Qh6+ Rg7 30. Nc6 Nxc6 31. dxc6 Qd4+ 32. Kh1 {(It looks as though
35 moves were played but not recorded on either scoresheet. Also, the word
'flag' is recorded on one scoresheet, perhaps suggesting that Black lost on
time)} 1-0

[Event "Paignton Premier 46th"]
[Site "Paignton"]
[Date "1996.09.04"]
[Round "4.14"]
[White "Benson, Paul J"]
[Black "White, Mark W"]
[Result "0-1"]
[WhiteElo "2010"]
[BlackElo "2048"]
[PlyCount "122"]
[EventDate "1996.09.01"]
[EventType "swiss"]
[EventRounds "7"]
[EventCountry "ENG"]
[SourceTitle "BritBase"]
[Source "John Saunders"]
[SourceDate "2023.06.22"]
[SourceVersion "1"]
[SourceVersionDate "2023.06.22"]
[SourceQuality "1"]

1. d4 Nf6 2. Nc3 d5 3. Bg5 Nbd7 4. Nf3 g6 5. e3 Bg7 6. Bd3 O-O 7. O-O c5 8. Re1
Qb6 9. Rb1 e6 10. a3 c4 11. Bf1 Qc6 12. h3 b5 13. Bf4 a5 14. b3 b4 15. axb4
axb4 16. Na4 c3 17. Ra1 Ba6 18. Bd3 Bxd3 19. Qxd3 Ne4 20. Ra2 h6 21. g4 g5 22.
Bg3 f5 23. Nh2 Rf7 24. Kg2 Raf8 25. f3 Nxg3 26. Kxg3 f4+ 27. Kg2 fxe3 28. Rxe3
Rf4 29. Nf1 e5 30. Nc5 Rxd4 31. Qa6 Qxa6 32. Nxa6 Rdf4 33. Ng3 e4 34. Nf5 exf3+
35. Rxf3 Re4 36. Nxb4 Rxb4 37. Ra7 Rf7 38. Nxh6+ Bxh6 39. Rxf7 Kxf7 40. Rxd7+
Ke8 41. Rxd5 Re4 42. Kf3 Re1 43. Rc5 Bg7 44. Rxg5 Kf7 45. Ra5 Rc1 46. Ra2 Rb1
47. Ke4 Rh1 48. b4 Rxh3 49. b5 Rh1 50. Ra7+ Kg6 51. Ra3 Rb1 52. Ra6+ Kg5 53. b6
Bf6 54. Kd5 Rb2 55. Kc6 Rxc2 56. Ra5+ Kxg4 57. b7 Rb2 58. Rc5 Kf4 59. Kc7 Be5+
60. Kc8 c2 61. Rc4+ Ke3 0-1

[Event "Paignton Premier 46th"]
[Site "Paignton"]
[Date "1996.09.04"]
[Round "4.15"]
[White "Hodge, David J"]
[Black "Parr, David"]
[Result "1/2-1/2"]
[WhiteElo "1944"]
[BlackElo "2175"]
[PlyCount "67"]
[EventDate "1996.09.01"]
[EventType "swiss"]
[EventRounds "7"]
[EventCountry "ENG"]
[SourceTitle "BritBase"]
[Source "John Saunders"]
[SourceDate "2023.06.22"]
[SourceVersion "1"]
[SourceVersionDate "2023.06.22"]
[SourceQuality "1"]

1. e4 c5 2. c3 d5 3. exd5 Qxd5 4. d4 Nf6 5. Nf3 Bg4 6. Be2 e6 7. h3 Bh5 8. O-O
Nc6 9. Be3 cxd4 10. cxd4 Be7 11. Nc3 Qd7 12. g4 Bg6 13. Ne5 Qc8 14. Nxc6 bxc6
15. Rc1 O-O 16. Bf3 Qd7 17. Qa4 Rfc8 18. g5 Nd5 19. Nxd5 exd5 20. Bg4 Bf5 21.
Bxf5 Qxf5 22. Rxc6 Qxh3 23. Rfc1 Rd8 24. Qa6 Qg4+ 25. Kf1 Bxg5 26. Bxg5 Qxg5
27. Qb7 h5 28. Rc8 Raxc8 29. Rxc8 Rxc8 30. Qxc8+ Kh7 31. b4 Qg6 32. Qh3 Qb1+
33. Kg2 Qxa2 34. Qf5+ 1/2-1/2

[Event "Paignton Premier 46th"]
[Site "Paignton"]
[Date "1996.09.04"]
[Round "4.16"]
[White "Richards, John E"]
[Black "Kambites, Mark E"]
[Result "1/2-1/2"]
[WhiteElo "1880"]
[BlackElo "2008"]
[PlyCount "99"]
[EventDate "1996.09.01"]
[EventType "swiss"]
[EventRounds "7"]
[EventCountry "ENG"]
[SourceTitle "BritBase"]
[Source "John Saunders"]
[SourceDate "2023.06.22"]
[SourceVersion "1"]
[SourceVersionDate "2023.06.22"]
[SourceQuality "1"]

1. e4 Nf6 2. Nc3 d5 3. exd5 Nxd5 4. Bc4 Nb6 5. Bb3 Nc6 6. d3 Bf5 7. a4 Nd4 8.
Ba2 e6 9. Ne4 Qd7 10. c3 Nc6 11. Bb3 Rd8 12. Bc2 Be7 13. Nf3 e5 14. Qe2 O-O 15.
Be3 Nd5 16. O-O Rfe8 17. Rad1 Bg6 18. Rfe1 Qc8 19. d4 f5 20. Nc5 e4 21. Ne5
Nxe5 22. dxe5 Bxc5 23. Bxc5 Kh8 24. Bb3 Bf7 25. Bc2 b6 26. Ba3 Rxe5 27. c4 Nf6
28. b3 Ree8 29. Bb2 c5 30. Qe3 Rxd1 31. Rxd1 Rd8 32. h3 Rxd1+ 33. Bxd1 Qd8 34.
Be2 Bg6 35. Qg5 Qd6 36. Bc3 a5 37. h4 Ng4 38. Bxg4 fxg4 39. Qxg4 h5 40. Qe2 Qd3
41. Qxd3 exd3 42. Bd2 Kg8 43. Kf1 Kf7 44. Ke1 Ke6 45. Bc3 Bf5 46. Bxg7 Bg4 47.
Kd2 Bf5 48. f3 Ke7 49. Be5 Kd7 50. g4 1/2-1/2

[Event "Paignton Premier 46th"]
[Site "Paignton"]
[Date "1996.09.04"]
[Round "4.18"]
[White "Mercs, Peter J"]
[Black "Judd, Ian P"]
[Result "1-0"]
[WhiteElo "1984"]
[BlackElo "1944"]
[PlyCount "63"]
[EventDate "1996.09.01"]
[EventType "swiss"]
[EventRounds "7"]
[EventCountry "ENG"]
[SourceTitle "BritBase"]
[Source "John Saunders"]
[SourceDate "2023.06.22"]
[SourceVersion "1"]
[SourceVersionDate "2023.06.22"]
[SourceQuality "1"]

1. e4 g5 2. d4 h6 3. Nc3 a6 4. Be3 Bg7 5. f3 e6 6. Nge2 b5 7. g4 b4 8. Na4 h5
9. gxh5 f5 10. Qd2 f4 11. Bf2 a5 12. d5 e5 13. d6 Ra6 14. Nxf4 Rxd6 15. Nd5
Rxh5 16. O-O-O Nf6 17. Nxc7+ Qxc7 18. Qxd6 Qxd6 19. Rxd6 Nc6 20. Nb6 Bb7 21.
Bc4 Rh3 22. Nxd7 Rxf3 23. Nxf6+ Bxf6 24. Re6+ Kd7 25. Bb6 Nd4 26. Rd1 Bc6 27.
Bxd4 exd4 28. e5 Bh8 29. Rxd4+ Kc7 30. Rdd6 Bxe5 31. Rxc6+ Kd7 32. Rxe5 1-0

[Event "Paignton Premier 46th"]
[Site "Paignton"]
[Date "1996.09.04"]
[Round "4.19"]
[White "Wheeler, John Francis"]
[Black "Brusey, Alan W"]
[Result "0-1"]
[WhiteElo "2112"]
[BlackElo "1984"]
[PlyCount "88"]
[EventDate "1996.09.01"]
[EventType "swiss"]
[EventRounds "7"]
[EventCountry "ENG"]
[SourceTitle "BritBase"]
[Source "John Saunders"]
[SourceDate "2023.06.22"]
[SourceVersion "1"]
[SourceVersionDate "2023.06.22"]
[SourceQuality "1"]

1. d4 d5 2. c4 c6 3. Nf3 Nf6 4. Nc3 dxc4 5. a4 Bg4 6. Ne5 Bh5 7. f3 Nfd7 8.
Nxc4 e5 9. Nxe5 Nxe5 10. dxe5 Nd7 11. Bf4 Qb6 12. Qd2 Bc5 13. e3 O-O-O 14. a5
Qb3 15. Qe2 Bb4 16. Rc1 Bxa5 17. Kf2 Bg6 18. Nb5 Nc5 19. Kg3 Nd3 20. Nxa7+ Kb8
21. Ra1 Nxf4 22. exf4 Bd3 23. Qe3 Bb6 24. Nxc6+ bxc6 25. Qc1 Qe6 26. Qc3 h5 27.
h4 Qg6+ 28. Kh2 Bf2 29. Qb4+ Kc7 30. Qe7+ Rd7 31. Qg5 Qxg5 32. hxg5 Rb8 33.
Bxd3 Rxd3 34. Rab1 h4 35. Kh3 Bg3 36. Rhc1 Bxf4 37. Rc4 Bxg5 38. Kg4 Be7 39. b4
Rb5 40. Kf5 g6+ 41. Ke4 Rd2 42. Ke3 Rxg2 43. Rbc1 Rxe5+ 44. Kd4 Re6 0-1

[Event "Paignton Premier 46th"]
[Site "Paignton"]
[Date "1996.09.05"]
[Round "5.1"]
[White "Mordue, A Tyson"]
[Black "Baker, Chris W"]
[Result "1/2-1/2"]
[WhiteElo "2240"]
[BlackElo "2370"]
[PlyCount "80"]
[EventDate "1996.09.01"]
[EventType "swiss"]
[EventRounds "7"]
[EventCountry "ENG"]
[SourceTitle "BritBase"]
[Source "John Saunders"]
[SourceDate "2023.06.22"]
[SourceVersion "1"]
[SourceVersionDate "2023.06.22"]
[SourceQuality "1"]

1. e4 g6 2. d4 Bg7 3. Nc3 d6 4. f4 Nc6 5. Be3 Nf6 6. Nf3 e6 7. Qd2 a6 8. O-O-O
b5 9. e5 Nd5 10. Bf2 Nxc3 11. Qxc3 Ne7 12. Bh4 Bb7 13. Be2 Qd7 14. Bxe7 Qxe7
15. Rhg1 O-O 16. Kb1 c5 17. exd6 Qxd6 18. Qxc5 Qxf4 19. Qg5 Qxg5 20. Nxg5 Rad8
21. c3 e5 22. dxe5 Bxe5 23. Bf3 Bc8 24. h3 Bf4 25. Ne4 Kg7 26. Rge1 h5 27. Kc2
h4 28. Rxd8 Rxd8 29. Rd1 Re8 30. Nd6 Bxd6 31. Rxd6 Re1 32. Rd1 Bf5+ 33. Kd2 Re6
34. Ra1 Rd6+ 35. Ke3 g5 36. Rd1 Re6+ 37. Kf2 Kf6 38. Rd8 Ke7 39. Rd5 Kf6 40.
Rd8 Ke7 1/2-1/2

[Event "Paignton Premier 46th"]
[Site "Paignton"]
[Date "1996.09.05"]
[Round "5.2"]
[White "Lane, Gary William"]
[Black "Cafferty, Bernard"]
[Result "1-0"]
[WhiteElo "2405"]
[BlackElo "2240"]
[PlyCount "117"]
[EventDate "1996.09.01"]
[EventType "swiss"]
[EventRounds "7"]
[EventCountry "ENG"]
[SourceTitle "BritBase"]
[Source "John Saunders"]
[SourceDate "2023.06.22"]
[SourceVersion "1"]
[SourceVersionDate "2023.06.22"]
[SourceQuality "1"]

1. e4 e6 2. d4 d5 3. Nd2 Nf6 4. e5 Nfd7 5. c3 c5 6. f4 b6 7. Ndf3 Ba6 8. Bxa6
Nxa6 9. Ne2 Be7 10. h4 Qc7 11. Be3 h6 12. h5 Qc6 13. Kf2 O-O-O 14. a4 Kb7 15.
b4 Qc7 16. dxc5 bxc5 17. b5 Nab8 18. a5 f6 19. Qa4 Qc8 20. c4 d4 21. Bd2 Nf8
22. Rhb1 Nbd7 23. Qc2 f5 24. g4 d3 25. Qxd3 Nxe5 26. Qc2 Nxg4+ 27. Kg1 Nd7 28.
Ng3 Rhf8 29. Be1 Bd6 30. Nh4 Bxf4 31. Ng6 Be3+ 32. Kh1 Kb8 33. Nxf8 Qb7+ 34.
Qg2 Nxf8 35. Qxb7+ Kxb7 36. a6+ Ka8 37. b6 axb6 38. Rxb6 Bd4 39. Rab1 Ne3 40.
a7 Be5 41. Rc6 Nd7 42. Rxe6 Nxc4 43. Rd1 Bf6 44. Nxf5 Nce5 45. Bg3 Rf8 46. Red6
Kxa7 47. Rxd7+ Nxd7 48. Rxd7+ Ka8 49. Nd6 Rb8 50. Kg2 c4 51. Nxc4 Rb5 52. Rc7
Rb4 53. Kh3 Bd8 54. Rc8+ Ka7 55. Rxd8 Rxc4 56. Rd7+ Ka8 57. Rxg7 Rc5 58. Rg8+
Kb7 59. Kg4 {Source: BC scoresheet} 1-0

[Event "Paignton Premier 46th"]
[Site "Paignton"]
[Date "1996.09.05"]
[Round "5.3"]
[White "Mack, Andrew L"]
[Black "George, Ian M"]
[Result "1-0"]
[WhiteElo "2270"]
[BlackElo "2032"]
[PlyCount "51"]
[EventDate "1996.09.01"]
[EventType "swiss"]
[EventRounds "7"]
[EventCountry "ENG"]
[SourceTitle "BritBase"]
[Source "John Saunders"]
[SourceDate "2023.06.22"]
[SourceVersion "1"]
[SourceVersionDate "2023.06.22"]
[SourceQuality "1"]

1. e4 c5 2. Nf3 e6 3. c4 Nc6 4. Nc3 d6 5. d4 cxd4 6. Nxd4 Nf6 7. Be2 Be7 8. O-O
O-O 9. Be3 Nxd4 10. Bxd4 Qa5 11. Qd2 Bd7 12. Be3 Rfe8 13. Rac1 Bc6 14. f3 Rad8
15. Rfd1 Kf8 16. a3 d5 17. cxd5 exd5 18. e5 Bc5 19. b4 Bxe3+ 20. Qxe3 Qxa3 21.
Qc5+ Kg8 22. exf6 gxf6 23. Qd4 Re5 24. Ra1 Qb2 25. Rab1 Qc2 26. Bd3 1-0

[Event "Paignton Premier 46th"]
[Site "Paignton"]
[Date "1996.09.05"]
[Round "5.4"]
[White "Mulligan, Stephen"]
[Black "Franklin, Michael J"]
[Result "1/2-1/2"]
[WhiteElo "2230"]
[BlackElo "2255"]
[PlyCount "76"]
[EventDate "1996.09.01"]
[EventType "swiss"]
[EventRounds "7"]
[EventCountry "ENG"]
[SourceTitle "BritBase"]
[Source "John Saunders"]
[SourceDate "2023.06.22"]
[SourceVersion "1"]
[SourceVersionDate "2023.06.22"]
[SourceQuality "1"]

1. d4 Nf6 2. c4 e6 3. Nc3 Bb4 4. e3 Nc6 5. Nf3 d6 6. Qc2 O-O 7. a3 Bxc3+ 8.
Qxc3 a5 9. b3 b6 10. Be2 Bb7 11. O-O Qe7 12. Bb2 Ne4 13. Qc2 f5 14. d5 Nd8 15.
Rad1 e5 16. Nd2 Nxd2 17. Rxd2 f4 18. exf4 Rxf4 19. Rd3 Nf7 20. Bc1 Rf6 21. Rh3
h6 22. Qe4 Bc8 23. Bg4 Bxg4 24. Qxg4 Rf8 25. f3 Kh8 26. Re1 Qd8 27. Re4 Qc8 28.
Rg3 Qxg4 29. Rexg4 Rg8 30. Kf2 g6 31. h4 h5 32. Re4 Kh7 33. Ke2 Nh6 34. Bxh6
Kxh6 35. Ke3 Rgf8 36. Rh3 Rf4 37. a4 Kg7 38. Rh1 Rxe4+ 1/2-1/2

[Event "Paignton Premier 46th"]
[Site "Paignton"]
[Date "1996.09.05"]
[Round "5.5"]
[White "Harakis, Alexis"]
[Black "Peters, Stephen G"]
[Result "0-1"]
[WhiteElo "2175"]
[BlackElo "2215"]
[PlyCount "92"]
[EventDate "1996.09.01"]
[EventType "swiss"]
[EventRounds "7"]
[EventCountry "ENG"]
[SourceTitle "BritBase"]
[Source "John Saunders"]
[SourceDate "2023.06.22"]
[SourceVersion "1"]
[SourceVersionDate "2023.06.22"]
[SourceQuality "1"]

1. d4 Nf6 2. c4 g6 3. Nc3 Bg7 4. e4 O-O 5. Nge2 d6 6. f3 e5 7. Bg5 h6 8. Be3
Nc6 9. d5 Ne7 10. Qd2 Kh7 11. h4 a6 12. h5 g5 13. g4 Nfg8 14. Ng3 Bd7 15. Be2
f6 16. O-O Qe8 17. b4 Nc8 18. c5 Rf7 19. a4 Bf8 20. Rfc1 Rb8 21. Bc4 Rg7 22.
Qd3 Nge7 23. Nf1 Ng8 24. Nd2 Nce7 25. Nb3 Qc8 26. Qe2 f5 27. cxd6 cxd6 28. exf5
Nxf5 29. gxf5 Bxf5 30. Bd3 g4 31. f4 Kh8 32. Ne4 Qd8 33. Ng3 Bxd3 34. Qxd3 exf4
35. Bxf4 Rf7 36. Rf1 Bg7 37. Rae1 Rc8 38. Bd2 Qb6+ 39. Kg2 Rcf8 40. Rxf7 Rxf7
41. Nf5 g3 42. Re2 Be5 43. a5 Qd8 44. Nbd4 Qf6 45. Bc3 Ne7 46. Nxe7 $4 (46.
Nxg3 $18) 46... Qf1# 0-1

[Event "Paignton Premier 46th"]
[Site "Paignton"]
[Date "1996.09.05"]
[Round "5.6"]
[White "Crickmore, Neil EG"]
[Black "Wismayer, Clive R"]
[Result "0-1"]
[WhiteElo "2168"]
[BlackElo "2075"]
[PlyCount "64"]
[EventDate "1996.09.01"]
[EventType "swiss"]
[EventRounds "7"]
[EventCountry "ENG"]
[SourceTitle "BritBase"]
[Source "John Saunders"]
[SourceDate "2023.06.22"]
[SourceVersion "1"]
[SourceVersionDate "2023.06.22"]
[SourceQuality "1"]

1. d4 d5 2. c4 Nc6 3. Nf3 Bg4 4. cxd5 Bxf3 5. gxf3 Qxd5 6. e3 e5 7. Nc3 Bb4 8.
Bd2 Bxc3 9. bxc3 exd4 10. cxd4 Nge7 11. Bg2 O-O-O 12. O-O Rd6 13. Kh1 Rhd8 14.
f4 Qf5 15. Qf3 Rh6 16. Rab1 Ng6 17. d5 Nh4 18. Qh3 Ne7 19. e4 Qxh3 20. Bxh3+ f5
21. f3 c6 22. Bb4 Neg6 23. Be1 cxd5 24. Rc1+ Kb8 25. exf5 Ne7 26. f6 gxf6 27.
Bb4 Nc6 28. Bd2 f5 29. Be1 Nd4 30. Bc3 Nhxf3 31. Bxd4 Nxd4 32. Bg2 Ne2 0-1

[Event "Paignton Premier 46th"]
[Site "Paignton"]
[Date "1996.09.05"]
[Round "5.7"]
[White "White, Mark W"]
[Black "Parr, Frank"]
[Result "1-0"]
[WhiteElo "2048"]
[BlackElo "2140"]
[PlyCount "61"]
[EventDate "1996.09.01"]
[EventType "swiss"]
[EventRounds "7"]
[EventCountry "ENG"]
[SourceTitle "BritBase"]
[Source "John Saunders"]
[SourceDate "2023.06.22"]
[SourceVersion "1"]
[SourceVersionDate "2023.06.22"]
[SourceQuality "1"]

1. e4 d6 2. d4 Nf6 3. Nc3 c6 4. f4 Qa5 5. Bd3 e5 6. dxe5 dxe5 7. Nf3 Nbd7 8.
O-O exf4 9. Kh1 Be7 10. Bxf4 Ng4 11. h3 Nge5 12. Nxe5 Nxe5 13. Qh5 Bf6 14. Rad1
O-O 15. Qe2 Be6 16. Bh6 Be7 17. Be3 Ng6 18. Qf3 Qe5 19. Ne2 Bc5 20. Nf4 Nxf4
21. Bxf4 Qf6 22. Qh5 Qe7 23. Bg5 Qe8 24. Bf6 Be7 25. e5 h6 26. Rf3 Bxf6 27.
exf6 Qb8 28. Qh4 Qe5 29. Rg3 g6 30. Qxh6 Qxf6 31. Bxg6 1-0

[Event "Paignton Premier 46th"]
[Site "Paignton"]
[Date "1996.09.05"]
[Round "5.8"]
[White "Lamb, Harry"]
[Black "Aston, Paul A"]
[Result "1/2-1/2"]
[WhiteElo "2255"]
[BlackElo "1984"]
[PlyCount "58"]
[EventDate "1996.09.01"]
[EventType "swiss"]
[EventRounds "7"]
[EventCountry "ENG"]
[SourceTitle "BritBase"]
[Source "John Saunders"]
[SourceDate "2023.06.22"]
[SourceVersion "1"]
[SourceVersionDate "2023.06.22"]
[SourceQuality "1"]

1. Nf3 c5 2. g3 Nc6 3. d4 cxd4 4. Nxd4 g6 5. Bg2 Bg7 6. Nb3 d6 7. c4 Be6 8. c5
dxc5 9. Qxd8+ Rxd8 10. Nxc5 Nb4 11. Na3 Bd5 12. e4 Bc6 13. O-O b6 14. Nb3 Nd3
15. Rb1 Nf6 16. f3 Nd7 17. Rd1 N7c5 18. Nxc5 Bd4+ 19. Kf1 Bxc5 20. Ke2 Nxc1+
21. Rdxc1 a5 22. Nc4 O-O 23. Rc2 Rd4 24. Rd1 Rfd8 25. Rcd2 Bb5 26. Rxd4 Bxd4
27. b3 e5 28. f4 exf4 29. gxf4 Bf6 1/2-1/2

[Event "Paignton Premier 46th"]
[Site "Paignton"]
[Date "1996.09.05"]
[Round "5.9"]
[White "Leech, Aiden M"]
[Black "Hempson, Peter W"]
[Result "1-0"]
[WhiteElo "2105"]
[BlackElo "2235"]
[PlyCount "77"]
[EventDate "1996.09.01"]
[EventType "swiss"]
[EventRounds "7"]
[EventCountry "ENG"]
[SourceTitle "BritBase"]
[Source "John Saunders"]
[SourceDate "2023.06.22"]
[SourceVersion "1"]
[SourceVersionDate "2023.06.22"]
[SourceQuality "1"]

1. e4 c6 2. d4 d5 3. Nc3 dxe4 4. Nxe4 Bf5 5. Ng3 Bg6 6. Nf3 Nd7 7. h4 h6 8. h5
Bh7 9. Bd3 Bxd3 10. Qxd3 e6 11. Bd2 Qc7 12. O-O-O Ngf6 13. Ne4 O-O-O 14. Kb1 c5
15. g3 c4 16. Qe2 Nxe4 17. Qxe4 Nf6 18. Qe2 Nd5 19. Ne5 b5 20. Qf3 f6 21. Ng6
Rg8 22. Rhe1 Qd7 23. Nf4 c3 24. Bxc3 Nxc3+ 25. Qxc3+ Kb8 26. Nxe6 Rc8 27. Qf3
Bb4 28. Nc5 Bxc5 29. dxc5 Qc7 30. Rd5 Rgd8 31. Red1 Rxd5 32. Rxd5 Re8 33. Qd1
Kc8 34. a3 Re5 35. Rxe5 Qxe5 36. c6 Kc7 37. Qd7+ Kb6 38. Qb7+ Kc5 39. c7 1-0

[Event "Paignton Premier 46th"]
[Site "Paignton"]
[Date "1996.09.05"]
[Round "5.10"]
[White "Gamble, Raymond J"]
[Black "Phillips, Alan"]
[Result "1/2-1/2"]
[WhiteElo "1968"]
[BlackElo "2150"]
[PlyCount "31"]
[EventDate "1996.09.01"]
[EventType "swiss"]
[EventRounds "7"]
[EventCountry "ENG"]
[SourceTitle "BritBase"]
[Source "John Saunders"]
[SourceDate "2023.06.22"]
[SourceVersion "1"]
[SourceVersionDate "2023.06.22"]
[SourceQuality "1"]

1. d4 Nf6 2. Nf3 d6 3. b3 g6 4. Bb2 Bg7 5. g3 O-O 6. Bg2 Nbd7 7. O-O e5 8. dxe5
Ng4 9. Nbd2 Ngxe5 10. Nxe5 dxe5 11. c4 Re8 12. Qc2 Nc5 13. b4 Ne6 14. e3 Qe7
15. a3 f5 16. Rad1 1/2-1/2

[Event "Paignton Premier 46th"]
[Site "Paignton"]
[Date "1996.09.05"]
[Round "5.11"]
[White "McKenna, Jason P"]
[Black "Page, Martin C"]
[Result "1/2-1/2"]
[WhiteElo "2125"]
[BlackElo "2008"]
[PlyCount "94"]
[EventDate "1996.09.01"]
[EventType "swiss"]
[EventRounds "7"]
[EventCountry "ENG"]
[SourceTitle "BritBase"]
[Source "John Saunders"]
[SourceDate "2023.06.22"]
[SourceVersion "1"]
[SourceVersionDate "2023.06.22"]
[SourceQuality "1"]

1. e4 e5 2. Nf3 Nc6 3. Bb5 a6 4. Ba4 Nf6 5. O-O Be7 6. Re1 b5 7. Bb3 O-O 8. d3
d5 9. exd5 Nxd5 10. Nxe5 Nxe5 11. Rxe5 c6 12. Bxd5 cxd5 13. Nd2 Bd6 14. Re1 Qc7
15. Nf1 Bb7 16. d4 Rac8 17. c3 a5 18. Qf3 Rce8 19. Bd2 Re6 20. h3 Qe7 21. Ne3
Re8 22. g3 Bb8 23. Nf5 Qf6 24. Rxe6 fxe6 25. Nh6+ Kf8 26. Qxf6+ gxf6 27. Ng4
Kf7 28. f4 h5 29. Nh2 e5 30. fxe5 fxe5 31. Rf1+ Kg7 32. dxe5 Rxe5 33. Re1 Kf6
34. Rxe5 Bxe5 35. Kf2 Bc8 36. h4 b4 37. Nf3 bxc3 38. Bxc3 Bxc3 39. bxc3 Kf5 40.
Nd4+ Ke4 41. Ke2 Ba6+ 42. Kd2 a4 43. a3 Bc8 44. Ne2 Bd7 45. Nd4 Bc8 46. Ne2 Bd7
47. Nd4 Bc8 1/2-1/2

[Event "Paignton Premier 46th"]
[Site "Paignton"]
[Date "1996.09.05"]
[Round "5.12"]
[White "Cock, John Crowle"]
[Black "Karayiannis, Costas"]
[Result "1/2-1/2"]
[WhiteElo "2155"]
[BlackElo "2105"]
[PlyCount "106"]
[EventDate "1996.09.01"]
[EventType "swiss"]
[EventRounds "7"]
[EventCountry "ENG"]
[SourceTitle "BritBase"]
[Source "John Saunders"]
[SourceDate "2023.06.22"]
[SourceVersion "1"]
[SourceVersionDate "2023.06.22"]
[SourceQuality "1"]

1. e4 c5 2. Nc3 Nc6 3. Nf3 e6 4. d4 cxd4 5. Nxd4 Nf6 6. Ndb5 d6 7. Bf4 e5 8.
Bg5 a6 9. Bxf6 gxf6 10. Na3 f5 11. exf5 Bxf5 12. Nc4 Nd4 13. Ne3 Be6 14. Bc4
Rc8 15. Bxe6 fxe6 16. Qh5+ Kd7 17. O-O-O Qe8 18. Qg4 Qg6 19. Qxg6 hxg6 20. Ng4
Bg7 21. Rhe1 b5 22. Rd2 b4 23. Na4 Rc6 24. Kb1 Rb8 25. Rc1 Nb5 26. Re2 Ke7 27.
Re3 Rc4 28. h3 e4 29. Rb3 d5 30. c3 bxc3 31. Nxc3 Nxc3+ 32. bxc3 Rxb3+ 33. axb3
Rxc3 34. Rxc3 Bxc3 35. Kc2 Bd4 36. b4 Kd6 37. Kb3 Kc6 38. Ka4 Kb6 39. h4 Bg7
40. Ne3 Bf6 41. g3 Bc3 42. g4 Be1 43. Nd1 e3 44. Nxe3 Bxf2 45. Ng2 Bg3 46. h5
gxh5 47. gxh5 Be5 48. h6 d4 49. h7 Bg7 50. Nf4 e5 51. Ne6 Bh8 52. Nc5 Bg7 53.
Ne6 d3 1/2-1/2

[Event "Paignton Premier 46th"]
[Site "Paignton"]
[Date "1996.09.05"]
[Round "5.13"]
[White "Parr, David"]
[Black "Mercs, Peter J"]
[Result "1/2-1/2"]
[WhiteElo "2175"]
[BlackElo "1984"]
[PlyCount "74"]
[EventDate "1996.09.01"]
[EventType "swiss"]
[EventRounds "7"]
[EventCountry "ENG"]
[SourceTitle "BritBase"]
[Source "John Saunders"]
[SourceDate "2023.06.22"]
[SourceVersion "1"]
[SourceVersionDate "2023.06.22"]
[SourceQuality "1"]

1. d4 Nf6 2. c4 e6 3. Nf3 b6 4. g3 Bb7 5. Bg2 Be7 6. O-O O-O 7. b3 d6 8. Bb2
Ne4 9. Nfd2 d5 10. Nxe4 dxe4 11. Nc3 f5 12. Qd2 Nc6 13. Rad1 Qe8 14. d5 Rd8 15.
Qc1 exd5 16. Nxd5 Bd6 17. Qg5 Ne5 18. h3 a5 19. Qe3 Ng6 20. g4 fxg4 21. hxg4
Bc8 22. Qxe4 Qxe4 23. Bxe4 Bxg4 24. Rd2 Rde8 25. f3 Bh3 26. Rfd1 Nf4 27. Nxf4
Rxf4 28. e3 Rff8 29. Bd5+ Be6 30. Kf2 Bc5 31. Bd4 Bb4 32. Rd3 Rf5 33. e4 Rh5
34. Rg1 g6 35. Rdd1 Bd6 36. Rh1 Rxh1 37. Rxh1 Bf4 1/2-1/2

[Event "Paignton Premier 46th"]
[Site "Paignton"]
[Date "1996.09.05"]
[Round "5.14"]
[White "Jordan, John F"]
[Black "Brogden, John G"]
[Result "1-0"]
[WhiteElo "2090"]
[BlackElo "1959"]
[PlyCount "85"]
[EventDate "1996.09.01"]
[EventType "swiss"]
[EventRounds "7"]
[EventCountry "ENG"]
[SourceTitle "BritBase"]
[Source "John Saunders"]
[SourceDate "2023.06.22"]
[SourceVersion "1"]
[SourceVersionDate "2023.06.22"]
[SourceQuality "1"]

1. e4 e5 2. Nf3 Nc6 3. Bb5 Nf6 4. Nc3 Bb4 5. Nd5 Ba5 6. O-O O-O 7. Nxf6+ Qxf6
8. c3 Bb6 9. d3 h6 10. Nd2 Ne7 11. Nc4 Ng6 12. a4 c6 13. Nxb6 axb6 14. Bc4 b5
15. Bb3 bxa4 16. Rxa4 Rxa4 17. Bxa4 d6 18. Kh1 Qh4 19. Bb3 Kh7 20. g3 Qh3 21.
f4 f5 22. fxe5 Nxe5 23. Qe2 g5 24. d4 Ng4 25. exf5 Re8 26. Qg2 Qxg2+ 27. Kxg2
Ne3+ 28. Bxe3 Rxe3 29. g4 Kg7 30. Rf3 Rxf3 31. Kxf3 d5 32. c4 dxc4 33. Bxc4 Kf6
34. Ke4 h5 35. h3 hxg4 36. hxg4 Bd7 37. b4 b6 38. d5 cxd5+ 39. Kxd5 Ba4 40. Be2
Be8 41. Kd6 Ba4 42. b5 Bc2 43. Kc7 1-0